000
00317nam a2200121Ia 4500
008
190216s9999||||xx |||||||||||||| ||und||
100
_a
Vasudevan P A
245
0
_a
Vyavasayika Bandhangalum Trade Union Pravarthanvum
260
_b
Kerala Bhasha Institute
_c
1985
300
_a
207p
650
_a
Economics
942
_c
BK
999
_c
40401
_d
40401